书目信息 |
| 题名: |
现代广告文化学
|
|
| 作者: | 李建立 著 | |
| 分册: | ||
| 出版信息: | 北京 中国传媒大学出版社 2007.04 |
|
| 页数: | 201页, [8] 页图版 | |
| 开本: | 20cm | |
| 丛书名: | 中国传媒大学广告专业系列教材 | |
| 单 册: | ||
| 中图分类: | F713.80 | |
| 科图分类: | ||
| 主题词: | 广告学--guang gao xue--文化学--高等学校--教材 | |
| 电子资源: | ||
| ISBN: | 978-7-81085-941-7 | |
| 000 | 01009nam 2200277 450 | |
| 001 | 012007270059 | |
| 005 | 20071107134206.19 | |
| 010 | @a978-7-81085-941-7@dCNY29.80 | |
| 100 | @a20071107d2007 km y0chiy0120 ea | |
| 101 | 0 | @achi |
| 102 | @aCN@b110000 | |
| 105 | @aaf a 000yy | |
| 106 | @ar | |
| 200 | 1 | @a现代广告文化学@Axian dai guang gao wen hua xue@f李建立著@Fli jian li zhu |
| 205 | @a第2版 | |
| 210 | @a北京@c中国传媒大学出版社@d2007.04 | |
| 215 | @a201页, [8] 页图版@c图@d20cm | |
| 225 | 2 | @a中国传媒大学广告专业系列教材@Azhong guo chuan mei da xue guang gao zhuan ye xi lie jiao cai |
| 320 | @a有书目 (第201页)。 | |
| 330 | @a本书内容包括广告文化学的构建是历史的必然,文化的含义和文化学理论,广告文化学的研究对象,现代广告文化研究的新思维等。 | |
| 410 | 0 | @12001 @a中国传媒大学广告专业系列教材 |
| 606 | 0 | @a广告学@Aguang gao xue@x文化学@x高等学校@j教材 |
| 690 | @aF713.80@v4 | |
| 701 | 0 | @a李建立@Ali jian li@4著 |
| 801 | 0 | @aCN@b@c20071107 |
| 905 | @b265502-04@dF713.80@eL183@f3 | |
| 现代广告文化学/李建立著.-第2版.-北京:中国传媒大学出版社,2007.04 |
| 201页, [8] 页图版:图;20cm.-(中国传媒大学广告专业系列教材) |
| ISBN 978-7-81085-941-7:CNY29.80 |
| 本书内容包括广告文化学的构建是历史的必然,文化的含义和文化学理论,广告文化学的研究对象,现代广告文化研究的新思维等。 |
| ● |
| 相关链接 |
|
|
|
正题名:现代广告文化学
索取号:F713.80/L183
 
预约/预借
| 序号 | 登录号 | 条形码 | 馆藏地/架位号 | 状态 | 备注 |
| 1 | 265502 | 202655028 | 社科二线422/409社科库 44排6列3层/ [索取号:F713.80/L183] | 在馆 | |
| 2 | 265503 | 202655037 | 社科库409/409社科库 60排6列2层/ [索取号:F713.80/L183] | 在馆 | |
| 3 | 265504 | 202655046 | 社科二线422/409社科库 44排6列3层/ [索取号:F713.80/L183] | 在馆 |